Adult education in Israel: (Record no. 137618)
[ view plain ]
| 000 -CABECERA | |
|---|---|
| campo de control de longitud fija | 00455nam a2200169 a 4500 |
| 005 - FECHA Y HORA DE LA ÚLTIMA TRANSACCIÓN | |
| campo de control | 20210219160438.0 |
| 008 - ELEMENTOS DE LONGITUD FIJA--INFORMACIÓN GENERAL | |
| campo de control de longitud fija | 081107s1999 mx r 000 0 spa d |
| 020 ## - NÚMERO INTERNACIONAL NORMALIZADO PARA LIBROS | |
| Número Internacional Estándar del Libro | 0793033033 |
| 035 ## - NÚMERO DE CONTROL DEL SISTEMA | |
| Número de control de sistema | UPN01000165506 |
| 049 ## - COLECCIÓN | |
| Colección | UNE |
| 050 #4 - SIGNATURA TOPOGRÁFICA DE LA BIBLIOTECA DEL CONGRESO | |
| Número de clasificación | POR ADQUIRIR |
| 245 00 - MENCIÓN DE TÍTULO | |
| Título | Adult education in Israel: |
| Resto del título | 5 / |
| Mención de responsabilidad, etc. | ed. Paul Kirmayer. |
| 260 ## - PUBLICACIÓN, DISTRIBUCIÓN, ETC. | |
| Lugar de publicación, distribución, etc. | Jerusalem : |
| Nombre del editor, distribuidor, etc. | Ministry of Education, |
| Fecha de publicación, distribución, etc. | 1999. |
| 300 ## - DESCRIPCIÓN FÍSICA | |
| Extensión | 185 p. |
| 700 1# - ASIENTO SECUNDARIO--NOMBRE DE PERSONAL | |
| Nombre de persona | Kirmayer, Paul, |
| Término indicativo de función/relación | ed. |
| 905 ## - TIPO DE MATERIAL | |
| Tipo de material | Libro |
| Estado de retiro | Estado de pérdida | Fuente del sistema de clasificación o colocación | Estado dañado | No para préstamo | Código de colección | Localización permanente | Ubicación/localización actual | Ubicación en estantería | Total de préstamos | Clasificación | Código de barras | Fecha visto por última vez | Número de copia | Tipo de ítem Koha |
|---|---|---|---|---|---|---|---|---|---|---|---|---|---|---|
| Library of Congress Classification | Disponible (Préstamo en sala) | Revistas | Bib. Gregorio Torres Quintero | Bib. Gregorio Torres Quintero | UNESCO | POR ADQUIRIR | U8019 | 31/12/2020 | 1 | Revista Impresa |
